Desarrollo histórico de una publicación científica : cuarenta años de la Revista Latinoamericana de Psicología (Record no. 148212)
[ view plain ]
| 000 -CABECERA | |
|---|---|
| campo de control de longitud fija | 00764nab a2200241 a 4500 |
| 005 - FECHA Y HORA DE LA ÚLTIMA TRANSACCIÓN | |
| campo de control | 20210219160950.0 |
| 008 - ELEMENTOS DE LONGITUD FIJA--INFORMACIÓN GENERAL | |
| campo de control de longitud fija | 991125s1985 mx 000 0 spa u |
| 035 ## - NÚMERO DE CONTROL DEL SISTEMA | |
| Número de control de sistema | UPN01000176109 |
| 100 1# - ASIENTO PRINCIPAL--NOMBRE PERSONAL | |
| Nombre de persona | Gutiérrez, Germán |
| 222 ## - TÍTULO CLAVE | |
| Título clave | REVISTA LATINOAMERICANA DE PSICOLOGIA |
| 245 ## - MENCIÓN DE TÍTULO | |
| Título | Desarrollo histórico de una publicación científica : cuarenta años de la Revista Latinoamericana de Psicología |
| 260 ## - PUBLICACIÓN, DISTRIBUCIÓN, ETC. | |
| Lugar de publicación, distribución, etc. | Bogotá, Colombia |
| 300 ## - DESCRIPCIÓN FÍSICA | |
| Extensión | 413-428 |
| 362 0# - FECHAS DE PUBLICACIÓN Y/O DESIGNACIÓN SECUENCIAL | |
| Fecha de publicación y/o designación secuencial | 2009 Vol. 41, no. 3 |
| 653 0# - TERMINO DE INDIZACION - NO CONTROLADO | |
| Término no controlado | PUBLICACIONES PERIODICAS |
| 653 0# - TERMINO DE INDIZACION - NO CONTROLADO | |
| Término no controlado | BIBLIOMETRIA |
| 653 0# - TERMINO DE INDIZACION - NO CONTROLADO | |
| Término no controlado | REVISTA LATINOAMERICANA DE PSICOLOGIA |
| 700 1# - ASIENTO SECUNDARIO--NOMBRE DE PERSONAL | |
| Nombre de persona | Pérez Acosta, Andrés M., |
| 700 1# - ASIENTO SECUNDARIO--NOMBRE DE PERSONAL | |
| Término indicativo de función/relación | coaut. |
| 700 1# - ASIENTO SECUNDARIO--NOMBRE DE PERSONAL | |
| Nombre de persona | Plata Caviedes, Tatiana |
| 700 1# - ASIENTO SECUNDARIO--NOMBRE DE PERSONAL | |
| Término indicativo de función/relación | coaut. |
| 905 ## - TIPO DE MATERIAL | |
| Tipo de material | Articulo |
No items available.
